Deja que los perros ladren
Saved in:
| Hovedforfatter: | |
|---|---|
| Format: | Bog |
| Sprog: | spansk |
| Udgivet: |
Santiago
Universitaria
1970
|
| Serier: | Colección Cormorán. Libros para el Estudiante, 1
|
| Fag: | |
| Tags: |
Tilføj Tag
Ingen Tags, Vær først til at tagge denne postø!
|
MARC
| LEADER | 00000nam a2200000 a 4500 | ||
|---|---|---|---|
| 001 | UCM8222 | ||
| 003 | CL-VaPUC | ||
| 008 | 030228e19700000CL |||||||||||||||||spa|d | ||
| 082 | 0 | 4 | |a Ch862 |b VOD |2 21 |
| 100 | 0 | |a Vodanovic, Sergio |e author |9 420804 | |
| 245 | 1 | 0 | |a Deja que los perros ladren |
| 246 | 1 | 0 | |a Nos tomamos la Universidad |
| 300 | |a 132 p | ||
| 942 | |c BK | ||
| 945 | |d 20030228 00:00:00 |a cmena | ||
| 260 | |a Santiago |b Universitaria |c 1970 | ||
| 650 | 0 | |a Dramas chilenos |9 313819 | |
| 650 | 0 | |a Literatura chilena |9 308278 | |
| 650 | 0 | |a Teatro chileno |9 266701 | |
| 583 | |a last modification |c 20030228 00:00:00 |k Rodrigo Vera | ||
| 490 | 0 | |a Colección Cormorán. Libros para el Estudiante, 1 | |
| 999 | |c 302800 |d 302798 | ||
| 952 | |0 0 |1 0 |4 0 |6 CH_862_000000000000000_VOD_1970 |7 0 |8 A |9 363548 |a BIBEDU |b BIBEDU |d 2019-11-21 |i 3879852 |o Ch862 VOD 1970 |p 3879852 |r 2019-11-21 |w 2019-11-21 |y BK |k LIT | ||